[Event "38th Olympiad"]
[Site "Dresden GER"]
[Date "2008.11.20"]
[Round "7"]
[White "Kveinys,A"]
[Black "Kozul,Z"]
[Result "1/2-1/2"]
[WhiteElo "2533"]
[BlackElo "2593"]
[EventDate "2008.11.13"]

1. d4 Nf6 2. Nf3 g6 3. c4 Bg7 4. g3 c6 5. Nc3 d5 6. cxd5 cxd5 7. Bg2 O-O 8.
Ne5 e6 9. O-O Nfd7 10. Nf3 Nc6 11. e3 a5 12. b3 Ndb8 13. e4 dxe4 14. Nxe4
h6 15. Be3 Ne7 16. Qd2 Nf5 17. Ne5 Nc6 18. Nxc6 bxc6 19. Rfd1 Qe7 20. Qc3
e5 21. dxe5 Bxe5 22. Bc5 Bxc3 23. Bxe7 Bxa1 24. Bxf8 Kxf8 25. Rxa1 a4 26.
Rd1 axb3 27. axb3 Ke7 28. Nc5 Ra5 29. b4 Rb5 30. Bxc6 Rxb4 31. Bd7 1/2-1/2

[Event "38th Olympiad"]
[Site "Dresden GER"]
[Date "2008.11.20"]
[Round "7"]
[White "Zelcic,R"]
[Black "Rozentalis,E"]
[Result "1/2-1/2"]
[WhiteElo "2589"]
[BlackElo "2577"]
[EventDate "2008.11.13"]

1. e4 Nf6 2. e5 Nd5 3. d4 d6 4. Nf3 dxe5 5. Nxe5 c6 6. Be2 Bf5 7. O-O Nd7
8. Nf3 e6 9. c4 Nb4 10. Nc3 Nc2 11. Bg5 f6 12. Rc1 fxg5 13. Rxc2 Bxc2 14.
Qxc2 g4 15. Nd2 Nf6 16. Qd3 Bb4 17. Nde4 Bxc3 18. bxc3 O-O 19. Ng5 Qd6 20.
Bxg4 Rae8 21. Qh3 g6 22. f4 b6 23. Bxe6+ Kg7 24. f5 h6 25. Nf3 gxf5 26.
Bxf5 Qf4 27. Ne5 Qg5 28. Qf3 Ng8 29. h4 Qxh4 30. Ng6 Qg5 31. Nxf8 Rxf8 32.
Qe4 Ne7 33. Qe5+ Qf6 34. Qg3+ Qg5 35. Qe5+ Qf6 36. Qc7 Rf7 37. Qg3+ Qg5 38.
Qxg5+ hxg5 39. Bd7 Rxf1+ 40. Kxf1 c5 41. Kf2 Ng8 42. Be6 Nf6 43. Ke3 Kf8
44. Kd3 Ke7 45. Bf5 Kd6 46. Kc2 Kc7 47. Kb3 Ne8 48. Ka4 Nd6 49. Bd3 Kb8 50.
g4 Kc7 51. Kb3 Kb8 52. Bh7 a6 53. Bd3 1/2-1/2

[Event "38th Olympiad"]
[Site "Dresden GER"]
[Date "2008.11.20"]
[Round "7"]
[White "Sulskis,S"]
[Black "Stevic,H"]
[Result "0-1"]
[WhiteElo "2572"]
[BlackElo "2588"]
[EventDate "2008.11.13"]

1. e4 e5 2. Nf3 Nc6 3. Bb5 a6 4. Ba4 Nf6 5. O-O Be7 6. Re1 b5 7. Bb3 d6 8.
c3 O-O 9. h3 Na5 10. Bc2 d5 11. d4 Nxe4 12. Nxe5 f6 13. Nd3 Bd6 14. Bf4 Nc4
15. b3 Nb6 16. Nd2 Bf5 17. Nxe4 dxe4 18. Bxd6 cxd6 19. Nf4 d5 20. a4 bxa4
21. bxa4 g5 22. Ne2 Bg6 23. a5 Nc4 24. Bb3 Rc8 25. Bxc4 Rxc4 26. Ra4 Rxa4
27. Qxa4 Be8 28. Qa3 Bb5 29. Nc1 f5 30. Nb3 g4 31. hxg4 fxg4 32. Re3 Qh4
33. g3 Qh3 34. c4 Bxc4 35. Nd2 Bb5 36. Qc5 Qh5 37. Rxe4 Qg5 38. Qe7 Qxe7
39. Rxe7 Rc8 40. Nb3 Rc2 41. Nc5 Be2 42. Kg2 Kf8 43. Re3 Kf7 44. Nd7 Rd2
45. Ne5+ Kf6 46. Kg1 Kf5 47. f3 h5 48. fxg4+ hxg4 49. Nc6 Bf3 50. Kf1 Be4
51. Ke1 Ra2 52. Rb3 Bf3 53. Re3 Be4 54. Rb3 Rg2 55. Nb4 Bf3 56. Nxa6 Rxg3
57. Nc5 Rg1+ 58. Kd2 Rd1+ 59. Ke3 Re1+ 60. Kf2 Re2+ 61. Kf1 Ra2 62. Re3 Kf4
63. Re7 Rxa5 64. Ke1 Ra1+ 65. Kd2 Ra2+ 66. Kc3 Ra3+ 67. Kd2 Kg3 68. Nd3 Kg2
69. Rg7 g3 70. Nf4+ Kh2 71. Rh7+ Kg1 72. Nh3+ Kf1 73. Rc7 Be4 74. Rc1+ Kg2
75. Nf4+ Kh2 76. Rc8 g2 77. Rh8+ Kg3 78. Ne2+ Kf2 0-1

[Event "38th Olympiad"]
[Site "Dresden GER"]
[Date "2008.11.20"]
[Round "7"]
[White "Jovanovic,Zo CRO"]
[Black "Zagorskis,D"]
[Result "1/2-1/2"]
[WhiteElo "2564"]
[BlackElo "2509"]
[EventDate "2008.11.13"]

1. e4 c5 2. Nf3 e6 3. d4 cxd4 4. Nxd4 a6 5. Bd3 Qc7 6. O-O Nf6 7. Qe2 d6 8.
f4 g6 9. Nc3 Bg7 10. e5 dxe5 11. fxe5 Nfd7 12. Rxf7 Kxf7 13. Nxe6 Qxe5 14.
Qf2+ Kxe6 15. Bc4+ Kd6 16. Bf4 Nc6 17. Rd1+ Kc7 18. Nd5+ Kb8 19. Be2 Rf8
20. Bxe5+ Bxe5 21. Qh4 Ka7 22. Bf3 Bd6 23. b4 Nde5 24. Be2 Be6 25. Nf4 Rxf4
26. Qxf4 Bxb4 27. Qe3+ b6 28. Qh6 Bc5+ 29. Kh1 Re8 30. Qxh7+ Re7 31. Qh4
Bc8 32. h3 Bb7 33. c3 Nb8 34. Qf4 Nbd7 35. Qh4 Nf8 36. Qf4 Nfd7 37. Qh4 Re8
38. Kh2 Rf8 39. Rf1 Rxf1 40. Bxf1 Bd6 41. Kg1 Nc5 42. Qh7 Ne4 43. c4 Nc3
44. Kf2 Nxa2 45. g4 Nb4 46. Bg2 Nbd3+ 47. Kf1 Nc5 48. Bxb7 Nxb7 49. h4 a5
50. h5 a4 51. c5 a3 52. cxb6+ Kxb6 53. Qg8 gxh5 54. gxh5 Na5 55. h6 Nac4
56. Qa8 Nc6 57. h7 Be5 58. h8=Q Bxh8 59. Qxh8 a2 60. Qa1 1/2-1/2

[Event "38th Olympiad"]
[Site "Dresden GER"]
[Date "2008.11.20"]
[Round "7"]
[White "Babula,V"]
[Black "Gongora Montes,B"]
[Result "1-0"]
[WhiteElo "2608"]
[BlackElo "2281"]
[EventDate "2008.11.13"]

1. d4 d5 2. c4 c6 3. Nf3 Nf6 4. Nc3 e6 5. Bg5 h6 6. Bh4 dxc4 7. e4 g5 8.
Bg3 b5 9. Ne5 h5 10. h4 g4 11. Be2 Bb7 12. O-O Nbd7 13. Qc2 Rg8 14. Rfd1
Nxe5 15. Bxe5 Nd7 16. Bg3 Bg7 17. d5 Qe7 18. a4 b4 19. dxc6 Bxc6 20. Nb5
Bxb5 21. axb5 Nb6 22. Bd6 Qxh4 23. e5 g3 24. Bf3 gxf2+ 25. Qxf2 Qxf2+ 26.
Kxf2 Nd5 27. b6 Kd7 28. Rxd5 exd5 29. Bxd5 a6 30. Bxa8 Rxa8 31. b7 1-0

[Event "38th Olympiad"]
[Site "Dresden GER"]
[Date "2008.11.20"]
[Round "7"]
[White "Hussein,HA"]
[Black "Meier,Geo"]
[Result "0-1"]
[WhiteElo "2354"]
[BlackElo "2558"]
[EventDate "2008.11.13"]

1. e4 e6 2. d4 d5 3. e5 c5 4. c3 Qb6 5. Nf3 Nc6 6. a3 Nh6 7. b4 cxd4 8.
cxd4 Nf5 9. Be3 f6 10. exf6 gxf6 11. Bd3 Nxe3 12. fxe3 Bh6 13. O-O Bxe3+
14. Kh1 Bd7 15. Nc3 Nxd4 16. Ne5 O-O-O 17. Nf7 f5 18. b5 f4 19. a4 Rhg8 20.
Nxd8 Qxd8 21. Qh5 Nb3 22. Rad1 Qf6 23. Ne2 e5 24. h3 Be6 25. Bxh7 Rh8 26.
Qg6 Qxg6 27. Bxg6 d4 28. Ng1 Kc7 29. Nf3 Kd6 30. Ng5 Nc5 31. Kh2 Bd5 32.
Bf7 e4 33. Bxd5 Kxd5 34. g3 f3 35. Nxf3 exf3 36. Rxf3 Ke4 37. Kg2 d3 38.
Re1 d2 39. Rfxe3+ Kd4 40. R3e2 dxe1=N+ 41. Rxe1 Nxa4 42. h4 Nc3 43. Re7
Nxb5 44. Rxb7 Kc4 45. Kh3 a5 46. Rb6 a4 47. Ra6 Kb3 48. g4 a3 49. g5 a2 50.
Rxa2 Kxa2 51. Kg4 Nd4 52. h5 Ne6 53. h6 Rg8 0-1

[Event "38th Olympiad"]
[Site "Dresden GER"]
[Date "2008.11.20"]
[Round "7"]
[White "Ahmed,Abdu"]
[Black "Bindrich,F"]
[Result "0-1"]
[WhiteElo "2246"]
[BlackElo "2517"]
[EventDate "2008.11.13"]

1. e4 c5 2. Nf3 d6 3. d4 cxd4 4. Nxd4 Nf6 5. Nc3 a6 6. Bc4 e6 7. Bb3 b5 8.
O-O Be7 9. Qf3 Qc7 10. Qg3 O-O 11. Bh6 Ne8 12. Rad1 Bd7 13. f4 Nc6 14. Nxc6
Qxc6 15. f5 Kh8 16. fxe6 fxe6 17. Bg5 Nf6 18. Bxf6 Rxf6 19. Rxf6 gxf6 20.
Kh1 Rf8 21. Qh3 f5 22. Re1 b4 23. Ba4 Qb7 24. Bxd7 Qxd7 25. Ne2 fxe4 26.
Nd4 Rf6 27. c4 bxc3 28. Qxc3 e5 29. Nc6 Bf8 30. h3 Bg7 31. Rc1 Rf8 32. Qc4
d5 33. Qxa6 d4 34. Qe2 e3 35. Qd3 Rc8 36. Qe4 e2 37. b4 d3 38. Rb1 Rxc6 39.
b5 Rc8 40. Kh2 Qd4 0-1

[Event "38th Olympiad"]
[Site "Dresden GER"]
[Date "2008.11.20"]
[Round "7"]
[White "Huschenbeth,N"]
[Black "Albadri,A"]
[Result "0-1"]
[WhiteElo "2417"]
[BlackElo "2163"]
[EventDate "2008.11.13"]

1. e4 e6 2. d4 d5 3. Nc3 dxe4 4. Nxe4 Nd7 5. Nf3 Be7 6. Bd3 Ngf6 7. O-O O-O
8. Qe2 b6 9. Nxf6+ Nxf6 10. c3 Bb7 11. Bf4 h6 12. a4 c5 13. dxc5 Bxc5 14.
Rfd1 Qc8 15. Ne5 Rd8 16. a5 bxa5 17. Rxa5 Ne4 18. Bxe4 Rxd1+ 19. Qxd1 Bxe4
20. Ra1 Qb7 21. b4 Be7 22. f3 Qb6+ 23. Kh1 Rd8 24. Qe2 Bb7 25. h3 a6 26.
Be3 Qc7 27. Bd4 Bxb4 28. Qe3 Ba5 29. Qf4 f6 30. Ng6 e5 31. Nxe5 fxe5 32.
Bxe5 Qc5 33. Bd4 Bc7 34. Qg4 Qg5 35. Qxg5 hxg5 36. Re1 Kf7 37. Bxg7 Bg3 38.
Rb1 Kxg7 39. Rxb7+ Kf6 40. Rb1 a5 41. Kg1 a4 42. Kf1 Re8 0-1

[Event "38th Olympiad"]
[Site "Dresden GER"]
[Date "2008.11.20"]
[Round "7"]
[White "Dominguez Perez,L"]
[Black "Buhmann,R"]
[Result "1-0"]
[WhiteElo "2719"]
[BlackElo "2541"]
[EventDate "2008.11.13"]

1. e4 e5 2. Nf3 Nc6 3. Bb5 Nf6 4. d3 Bc5 5. c3 O-O 6. O-O d6 7. Nbd2 a6 8.
Ba4 Ba7 9. h3 h6 10. Re1 Ne7 11. Nf1 Ng6 12. Ng3 c6 13. d4 Re8 14. Bc2 Qc7
15. Be3 Be6 16. Qd2 Kh7 17. Rad1 Rad8 18. Qc1 b5 19. Nf5 Ng8 20. Rd2 f6 21.
Qd1 Bb8 22. a4 N6e7 23. Ng3 g6 24. Bb3 Bxb3 25. Qxb3 Kg7 26. axb5 axb5 27.
Ra1 Qb7 28. c4 Bc7 29. dxe5 dxe5 30. Ra7 Qb8 31. Rxd8 Rxd8 32. cxb5 Nc8 33.
Ra4 Qxb5 34. Rb4 Qd3 35. Qa2 Nd6 36. Nh4 Qd1+ 37. Kh2 Ne7 38. Qe6 Ndc8 39.
Bxh6+ Kxh6 40. Qxf6 Kh7 41. Rb7 Rd7 42. Nf3 1-0

[Event "38th Olympiad"]
[Site "Dresden GER"]
[Date "2008.11.20"]
[Round "7"]
[White "Prusikin,M"]
[Black "Bruzon Batista,L"]
[Result "1/2-1/2"]
[WhiteElo "2538"]
[BlackElo "2622"]
[EventDate "2008.11.13"]

1. d4 Nf6 2. c4 e6 3. Nf3 d5 4. Nc3 Nbd7 5. cxd5 exd5 6. Bg5 c6 7. e3 Be7
8. Bd3 O-O 9. Qc2 Re8 10. O-O Nf8 11. h3 g6 12. Bxf6 Bxf6 13. b4 Ne6 14.
Na4 a6 15. Rab1 Be7 16. Nc5 Bd6 17. Nxe6 Bxe6 18. a4 Qf6 19. Nd2 Qe7 20.
Qb2 Bxh3 21. gxh3 Qg5+ 22. Kh1 Qh4 23. Kg2 Qg5+ 24. Kh1 Qh4 25. Kg2 Qg5+
1/2-1/2

[Event "38th Olympiad"]
[Site "Dresden GER"]
[Date "2008.11.20"]
[Round "7"]
[White "Quezada Perez,Y"]
[Black "Naumann,A"]
[Result "1/2-1/2"]
[WhiteElo "2580"]
[BlackElo "2518"]
[EventDate "2008.11.13"]

1. e4 e5 2. Nf3 Nf6 3. Nxe5 d6 4. Nf3 Nxe4 5. Nc3 Nxc3 6. dxc3 Be7 7. Bf4
O-O 8. Qd2 Nd7 9. O-O-O Nc5 10. Be3 Re8 11. Bc4 Be6 12. Bxe6 Nxe6 13. h4
Qd7 14. Qd5 Qc6 15. Qf5 Qc4 16. Kb1 g6 17. Qh3 h5 18. Nd2 Qe2 19. Rde1 Qg4
20. Qxg4 hxg4 21. f3 gxf3 22. Nxf3 Bf6 23. g4 Ng7 24. h5 gxh5 25. gxh5 Kh7
26. Nd2 Nf5 27. Bf2 Rxe1+ 28. Rxe1 Kh6 29. Rf1 Kxh5 30. Bxa7 Rxa7 31. Rxf5+
Kg6 32. Rf1 d5 33. c4 dxc4 34. Nxc4 Ra6 1/2-1/2

[Event "38th Olympiad"]
[Site "Dresden GER"]
[Date "2008.11.20"]
[Round "7"]
[White "Heimann,An"]
[Black "Hernandez Carmenates,Hold"]
[Result "1/2-1/2"]
[WhiteElo "2428"]
[BlackElo "2580"]
[EventDate "2008.11.13"]

1. e4 c5 2. Nf3 d6 3. d4 cxd4 4. Nxd4 Nf6 5. Nc3 a6 6. Bg5 e6 7. f4 Qc7 8.
Bxf6 gxf6 9. f5 Nc6 10. fxe6 fxe6 11. Bc4 Nxd4 12. Qxd4 Rg8 13. g3 Qc5 14.
Qxc5 dxc5 15. O-O b5 16. Be2 Ke7 17. Bf3 Ra7 18. Rad1 Rd7 19. Kf2 Bh6 20.
Rxd7+ Bxd7 21. Ne2 Bc6 22. e5 Bd7 23. exf6+ Kxf6 24. Nc3 Ke7 25. Ne4 c4 26.
Rd1 Bc6 27. Nf6 Kxf6 28. Bxc6 Ke5 29. Bb7 a5 30. Rd7 Rg7 31. Rxg7 Bxg7 32.
Ba6 Kd5 33. Bxb5 Bxb2 34. Ke2 Kd4 35. Bd7 e5 36. Be6 Bc1 37. Bg8 h6 38. Bf7
e4 39. Bg8 Ba3 40. Bf7 Bc5 41. Bg6 Bb6 42. Bf5 Bc5 43. Bg6 a4 44. Be8 a3
45. Bf7 Kc3 46. Be6 Bg1 47. h3 Bc5 48. g4 Kd4 1/2-1/2

[Event "38th Olympiad"]
[Site "Dresden GER"]
[Date "2008.11.20"]
[Round "7"]
[White "Polaczek,R"]
[Black "Villamayor,B"]
[Result "1/2-1/2"]
[WhiteElo "2419"]
[BlackElo "2468"]
[EventDate "2008.11.13"]

1. d4 e6 2. c4 d5 3. Nf3 Nf6 4. Nc3 c6 5. Bg5 h6 6. Bxf6 Qxf6 7. g3 Nd7 8.
Bg2 Bb4 9. O-O dxc4 10. Ne4 Qe7 11. a3 Bd6 12. Nfd2 Bc7 13. Nxc4 O-O 14.
Qc2 e5 15. d5 cxd5 16. Ne3 Nb6 17. Nc3 Be6 18. Bxd5 Bd6 19. Rad1 Rad8 20.
Qb3 Nxd5 21. Nexd5 Qd7 22. Qc2 Qc6 23. e4 Rd7 24. b4 Rc8 25. Qd3 Bf8 26.
Rd2 Qc4 27. Qxc4 Rxc4 28. Rfd1 Kh8 29. f3 a5 30. Rd3 axb4 31. axb4 g6 32.
g4 Rd8 33. Ra1 Bxb4 34. Nxb4 Rxd3 35. Nxd3 Rxc3 36. Nxe5 Kg7 37. Rb1 Kf6
38. Rb5 g5 39. Kf2 Rc2+ 40. Ke3 Rc3+ 41. Kd4 Rc2 42. Rxb7 Rxh2 43. Rb5
1/2-1/2

[Event "38th Olympiad"]
[Site "Dresden GER"]
[Date "2008.11.20"]
[Round "7"]
[White "So,W"]
[Black "Cekro,E"]
[Result "1-0"]
[WhiteElo "2610"]
[BlackElo "2419"]
[EventDate "2008.11.13"]

1. e4 g6 2. d4 Bg7 3. Nc3 d6 4. f4 a6 5. Nf3 b5 6. Bd3 Bb7 7. O-O Nf6 8.
Qe1 c5 9. dxc5 dxc5 10. e5 Nd5 11. f5 c4 12. Be4 Qb6+ 13. Kh1 Nxc3 14. bxc3
Bxe4 15. Qxe4 Qc6 16. Qh4 gxf5 17. Ba3 Ra7 18. Nd4 Qh6 19. Qf2 Bxe5 20. Nf3
1-0

[Event "38th Olympiad"]
[Site "Dresden GER"]
[Date "2008.11.20"]
[Round "7"]
[White "Saiboulatov,D"]
[Black "Gonzales,Jay"]
[Result "0-1"]
[WhiteElo "2360"]
[BlackElo "2469"]
[EventDate "2008.11.13"]

1. e4 e6 2. d4 d5 3. Nd2 h6 4. Ngf3 Nf6 5. e5 Nfd7 6. c4 dxc4 7. Bxc4 Nb6
8. Bb3 Nc6 9. Ne4 Bb4+ 10. Kf1 Na5 11. Bc2 Bd7 12. h4 Bb5+ 13. Kg1 Bf8 14.
b4 Nc6 15. a4 Bc4 16. b5 Nb4 17. a5 N6d5 18. Ba4 Bd3 19. Qe1 b6 20. Bd2 Nc2
21. Bxc2 Bxc2 22. Qe2 Qd7 23. Nc3 Bf5 24. Kh2 Be7 25. Rhc1 O-O 26. Nxd5
exd5 27. Rc6 Bg4 28. Rac1 Rac8 29. Qe3 Qd8 30. axb6 cxb6 31. g3 Bd7 32.
Rxc8 Bxc8 33. Ne1 Qd7 34. Qb3 f6 35. Ng2 fxe5 36. Be3 Bf6 37. Kg1 exd4 38.
Bf4 Qf5 39. Rc7 Rf7 40. Rc1 Bd7 41. Bb8 g5 42. hxg5 hxg5 43. Bxa7 Bd8 44.
f4 Rh7 45. g4 Qxg4 46. Qxd5+ Qe6 47. Qa8 Qf6 48. fxg5 Qxg5 49. Rd1 Rg7 50.
Bxb6 Qe3+ 0-1

[Event "38th Olympiad"]
[Site "Dresden GER"]
[Date "2008.11.20"]
[Round "7"]
[White "Gomez,Joh"]
[Black "Laurent,B"]
[Result "1-0"]
[WhiteElo "2519"]
[BlackElo "2370"]
[EventDate "2008.11.13"]

1. e4 e6 2. d4 d5 3. Nc3 Nf6 4. Bg5 dxe4 5. Nxe4 Be7 6. Bxf6 gxf6 7. Nf3 a6
8. Bc4 f5 9. Nc3 b5 10. Be2 Bb7 11. Ne5 c6 12. Bh5 O-O 13. Qf3 Bf6 14.
O-O-O Nd7 15. Kb1 Qc7 16. Nxd7 Qxd7 17. Ne4 Bg7 18. Nc5 Qe7 19. Rhg1 Rad8
20. g4 Bxd4 21. Nxb7 Qxb7 22. gxf5+ Kh8 23. fxe6 1-0

[Event "38th Olympiad"]
[Site "Dresden GER"]
[Date "2008.11.20"]
[Round "7"]
[White "Cuartas,Ja"]
[Black "Stefansson,H"]
[Result "1/2-1/2"]
[WhiteElo "2489"]
[BlackElo "2575"]
[EventDate "2008.11.13"]

1. e4 e5 2. Nf3 Nc6 3. Bb5 Nf6 4. O-O Nxe4 5. Re1 Nd6 6. Nxe5 Be7 7. Bf1
Nxe5 8. Rxe5 O-O 9. Nc3 Bf6 10. Re1 b6 11. Nd5 Bb7 12. Nxf6+ Qxf6 13. d4
Rfe8 14. c3 Rxe1 15. Qxe1 Re8 16. Be3 Qg6 17. Qb1 Be4 18. Qc1 Bd3 19. Bf4
h6 20. Bxd6 Bxf1 21. Qxf1 Qxd6 22. Qc4 c5 23. g3 cxd4 24. Rd1 Qc6 25. Qxc6
dxc6 26. Rxd4 Re2 27. b4 Rxa2 28. Rc4 c5 29. bxc5 bxc5 30. Rxc5 a5 1/2-1/2

[Event "38th Olympiad"]
[Site "Dresden GER"]
[Date "2008.11.20"]
[Round "7"]
[White "Steingrimsson,H"]
[Black "Escobar Forero,A"]
[Result "1/2-1/2"]
[WhiteElo "2540"]
[BlackElo "2482"]
[EventDate "2008.11.13"]

1. d4 d5 2. c4 c6 3. Nf3 Nf6 4. e3 Bf5 5. Nc3 e6 6. Nh4 Be4 7. f3 Bg6 8.
Qb3 Qc7 9. Bd2 Nbd7 10. O-O-O Be7 11. cxd5 cxd5 12. Nxg6 hxg6 13. Kb1 a6
14. Rc1 Qb6 15. Bd3 Qxb3 16. axb3 Bb4 17. h4 Kd8 18. Be1 Rc8 19. g4 Nb8 20.
Bg3 Nc6 21. Rc2 Ke7 22. g5 Nd7 23. Rch2 Bd6 24. f4 Nb4 25. Be2 Rh7 26. h5
gxh5 27. Rxh5 Rxh5 28. Rxh5 Rg8 29. Be1 b5 30. Nd1 Nf8 31. Nf2 Ng6 32. Nd3
Nc6 33. Ne5 Bxe5 34. dxe5 Rh8 35. Rxh8 Nxh8 36. Kc2 Ng6 37. Kd3 Ke8 38. Bf3
Nge7 39. e4 g6 40. Bf2 Kd7 41. Bc5 dxe4+ 42. Kxe4 Nd5 43. Bd1 1/2-1/2

[Event "38th Olympiad"]
[Site "Dresden GER"]
[Date "2008.11.20"]
[Round "7"]
[White "Thorhallsson,T"]
[Black "Clavijo,J"]
[Result "0-1"]
[WhiteElo "2455"]
[BlackElo "2358"]
[EventDate "2008.11.13"]

1. e4 c5 2. c3 d5 3. exd5 Qxd5 4. d4 Nf6 5. Nf3 e6 6. Bd3 Be7 7. O-O O-O 8.
Bg5 Rd8 9. Qe2 cxd4 10. cxd4 Nc6 11. Be3 Nb4 12. Nc3 Qh5 13. Bc4 b6 14. Ne5
Qxe2 15. Bxe2 Bb7 16. Rac1 Rac8 17. a3 Nbd5 18. Nxd5 Nxd5 19. Bb5 a6 20.
Be2 f6 21. Nc4 Rc7 22. Bd2 Rdc8 23. Rfe1 Kf7 24. Bf1 Bc6 25. Ne3 Bb5 26.
Nxd5 exd5 27. Rxc7 Rxc7 28. Rc1 Rxc1 29. Bxc1 Bxf1 30. Kxf1 Ke6 31. Ke2 Kd7
32. Kd3 Bd6 33. h3 b5 34. Bd2 Ke6 0-1

[Event "38th Olympiad"]
[Site "Dresden GER"]
[Date "2008.11.20"]
[Round "7"]
[White "Kasimdzhanov,R"]
[Black "Peralta,Fe"]
[Result "1-0"]
[WhiteElo "2672"]
[BlackElo "2557"]
[EventDate "2008.11.13"]

1. d4 d5 2. c4 c6 3. Nf3 Nf6 4. Nc3 dxc4 5. a4 Bf5 6. e3 e6 7. Bxc4 Bb4 8.
O-O O-O 9. Qe2 Bg6 10. Ne5 Nbd7 11. Nxg6 hxg6 12. Rd1 Qa5 13. e4 e5 14. d5
Nb6 15. dxc6 Bxc3 16. cxb7 Rab8 17. bxc3 Qxc3 18. Ba3 Qxc4 19. Qxc4 Nxc4
20. Bxf8 Kxf8 21. Rac1 Nb6 22. a5 Rxb7 23. axb6 axb6 24. f3 g5 25. h3 Ke7
26. Rd2 Nd7 27. Rb2 Kd6 28. Rb5 f6 29. Kh2 Nf8 30. Rd5+ Ke7 31. Rc6 Nd7 32.
Rb5 Ra7 33. Kg3 Rb7 34. Rb2 Ra7 35. Rd2 Rb7 36. h4 gxh4+ 37. Kxh4 g6 38.
Kg3 Ra7 39. Rd1 Rb7 40. Rh1 Nf8 41. Rb1 Nd7 42. Kg4 Kf7 43. Rh1 Nf8 44. Rb1
Nd7 45. g3 Ke7 46. Rh1 Nf8 47. f4 exf4 48. gxf4 Nd7 49. Rh7+ Kd8 50. Kh4 b5
51. Rxf6 b4 52. e5 b3 53. Rf8+ 1-0

[Event "38th Olympiad"]
[Site "Dresden GER"]
[Date "2008.11.20"]
[Round "7"]
[White "Kovalyov,A"]
[Black "Iuldachev,S"]
[Result "1-0"]
[WhiteElo "2571"]
[BlackElo "2511"]
[EventDate "2008.11.13"]

1. d4 Nf6 2. Nf3 c6 3. c4 d6 4. Nc3 Nbd7 5. e4 e5 6. Be2 Be7 7. O-O O-O 8.
Qc2 Re8 9. Rd1 Qc7 10. Rb1 Nf8 11. h3 Ng6 12. Be3 exd4 13. Bxd4 Nd7 14. Be3
Bf6 15. Nd4 Ndf8 16. Bf1 Bd7 17. Rd2 Rad8 18. Rbd1 Bc8 19. Nce2 h6 20. Ng3
Bg5 21. Bxg5 hxg5 22. Ndf5 Bxf5 23. Nxf5 Re5 24. Nxd6 Ne6 25. Be2 c5 26.
Nb5 Rxd2 27. Rxd2 Qa5 28. Nc3 Nd4 29. Qd1 Nf4 30. Bf1 g6 31. g3 Nfe6 32.
Bg2 Qb4 33. Nd5 Qxc4 34. b3 Qa6 35. Nf6+ Kg7 36. Ng4 f6 37. Nxe5 fxe5 38.
Bf3 Qc6 39. Rd3 Kf6 40. Re3 b5 41. Bg4 Nc7 42. Qd2 b4 43. Re1 Ncb5 44. h4
gxh4 45. Qh6 Qc7 46. Qxh4+ Kg7 47. Kg2 Nd6 48. Rh1 Nf7 49. Qh7+ Kf6 50. Rh6
Qb7 51. Qxg6+ 1-0

[Event "38th Olympiad"]
[Site "Dresden GER"]
[Date "2008.11.20"]
[Round "7"]
[White "Barsov,A"]
[Black "Flores,Di"]
[Result "1-0"]
[WhiteElo "2513"]
[BlackElo "2569"]
[EventDate "2008.11.13"]

1. d4 Nf6 2. Nf3 d6 3. c4 g6 4. g3 Bg7 5. Bg2 O-O 6. O-O c5 7. dxc5 dxc5 8.
Ne5 Nfd7 9. Nxd7 Nxd7 10. Qb3 Ne5 11. Rd1 Qb6 12. Nc3 Be6 13. Nd5 Bxd5 14.
cxd5 c4 15. Qa3 Qd6 16. Bg5 Rfe8 17. Qa5 b6 18. Qa6 b5 19. Qxb5 Reb8 20.
Qa4 Rxb2 21. Bxe7 Qxe7 22. d6 Qd8 23. Bxa8 Qxa8 24. d7 Qd8 25. f4 Qb6+ 26.
Kh1 Qb7+ 27. Kg1 Rxe2 28. d8=Q+ Bf8 29. Qd5 Qb6+ 30. Rd4 Rd2 31. Qxe5 Rxd4
32. Qaa5 Rd1+ 33. Kg2 Rd2+ 34. Qxd2 1-0

[Event "38th Olympiad"]
[Site "Dresden GER"]
[Date "2008.11.20"]
[Round "7"]
[White "Campora,D"]
[Black "Safin,S"]
[Result "0-1"]
[WhiteElo "2537"]
[BlackElo "2510"]
[EventDate "2008.11.13"]

1. d4 Nf6 2. Bg5 e6 3. e4 h6 4. Bxf6 Qxf6 5. Nf3 d6 6. Nc3 Nd7 7. Qd2 c6 8.
Be2 e5 9. O-O Be7 10. a4 a5 11. Kh1 O-O 12. h3 Re8 13. Rae1 Nf8 14. d5 Ng6
15. Nh2 Nf4 16. Bg4 Qg5 17. Qd1 h5 18. Bf3 h4 19. Rg1 g6 20. Ng4 Bf8 21.
Ne3 Qd8 22. Bg4 Qb6 23. Qb1 Qc5 24. Qa2 Be7 25. Kh2 Kg7 26. g3 hxg3+ 27.
fxg3 Rh8 28. gxf4 exf4 29. Bxc8 Raxc8 30. Ng4 Bh4 31. Ref1 Bg3+ 32. Rxg3
fxg3+ 33. Kxg3 f5 34. dxc6 Rcf8 35. exf5 Rxf5 36. Ne4 Qxc2 37. Nef2 Qe2 38.
Nh2 Rhf8 39. Qb3 Rxf2 40. Qc3+ Kh7 0-1

[Event "38th Olympiad"]
[Site "Dresden GER"]
[Date "2008.11.20"]
[Round "7"]
[White "Moradiabadi,E"]
[Black "Kotsur,P"]
[Result "1/2-1/2"]
[WhiteElo "2499"]
[BlackElo "2563"]
[EventDate "2008.11.13"]

1. e4 e5 2. Nf3 Nc6 3. Bb5 a6 4. Ba4 Nf6 5. O-O Be7 6. Re1 d6 7. c3 Bg4 8.
h3 Bh5 9. d3 Qd7 10. Bg5 h6 11. Bxf6 Bxf6 12. Nxe5 dxe5 13. Qxh5 Qxd3 14.
Na3 Qd7 15. Rad1 Qe6 16. Bb3 Qe7 17. Nc4 g6 18. Qf3 Bg5 19. Ne3 Bxe3 20.
Rxe3 Rd8 21. Red3 Rxd3 22. Rxd3 h5 23. Qe3 Nd8 24. Qd2 b6 25. Rf3 O-O 26.
Rd3 Ne6 27. Rd7 Qf6 28. Bxe6 Qxe6 29. b3 Qc6 30. Qd3 b5 31. Rd5 Qf6 32. g3
h4 33. g4 Re8 34. Rd7 Re6 35. Kg2 Rc6 36. Qd2 Kg7 37. Rd3 Qe7 38. Rd7 Qc5
39. Rd3 1/2-1/2

[Event "38th Olympiad"]
[Site "Dresden GER"]
[Date "2008.11.20"]
[Round "7"]
[White "Ismagambetov,An"]
[Black "Bagheri,A"]
[Result "1/2-1/2"]
[WhiteElo "2527"]
[BlackElo "2490"]
[EventDate "2008.11.13"]

1. e4 e5 2. Nf3 Nc6 3. Bb5 a6 4. Ba4 Nf6 5. O-O Be7 6. Re1 b5 7. Bb3 O-O 8.
h3 d6 9. c3 Nb8 10. d3 Nbd7 11. Nbd2 Bb7 12. Nf1 Nc5 13. Bc2 Re8 14. Ng3
Bf8 15. Nh2 g6 16. Ng4 Nxg4 17. Qxg4 Bg7 18. Bg5 Qd7 19. Rad1 Qxg4 20. hxg4
d5 21. f3 dxe4 22. dxe4 Ne6 23. Be3 Rad8 24. Kf2 Rxd1 25. Rxd1 Rd8 26. Ra1
Nf4 27. Ne2 Nd3+ 28. Bxd3 Rxd3 29. a4 c6 30. axb5 cxb5 31. Rh1 Bf8 32. Nc1
Rd8 33. Nb3 Bc8 34. Bb6 Rd7 35. Ke2 Be7 36. Bc5 Bd8 37. Ra1 Bg5 38. Be3 Be7
39. Na5 f6 40. Bb6 Bf8 41. Nb3 Bh6 42. Be3 Bf8 43. Nc1 h5 44. g5 Kf7 45.
Nd3 Rc7 46. Bb6 Rd7 47. Bg1 Bd6 48. gxf6 g5 49. Bc5 Kxf6 50. Bxd6 1/2-1/2

[Event "38th Olympiad"]
[Site "Dresden GER"]
[Date "2008.11.20"]
[Round "7"]
[White "Mahjoob,M"]
[Black "Zhumabayev,R"]
[Result "0-1"]
[WhiteElo "2507"]
[BlackElo "2490"]
[EventDate "2008.11.13"]

1. d4 Nf6 2. c4 e6 3. g3 c5 4. d5 exd5 5. cxd5 b5 6. e4 Nxe4 7. Qe2 Qe7 8.
Bg2 f5 9. d6 Qe6 10. Nc3 Bxd6 11. Nh3 h6 12. Nxe4 fxe4 13. Bxe4 Nc6 14.
Qh5+ Kd8 15. Ng5 hxg5 16. Qxh8+ Kc7 17. Qh7 Bb7 18. Be3 Rh8 19. Qxh8 Qxe4
20. Kd2 Ne5 21. Rad1 Qc4 0-1

[Event "38th Olympiad"]
[Site "Dresden GER"]
[Date "2008.11.20"]
[Round "7"]
[White "Drasko,M"]
[Black "Iordachescu,V"]
[Result "1/2-1/2"]
[WhiteElo "2537"]
[BlackElo "2572"]
[EventDate "2008.11.13"]

1. Nf3 Nf6 2. g3 d5 3. Bg2 g6 4. d4 Bg7 5. O-O O-O 6. c4 dxc4 7. Na3 c3 8.
bxc3 c5 9. e3 Nc6 10. Bb2 Qa5 11. Qe2 Nd5 12. Rfc1 Nb6 13. Nd2 Na4 14. Nb3
Qc7 15. Nb5 Qb6 16. dxc5 Nxc5 17. Ba3 Bg4 18. Qxg4 Nxb3 19. axb3 Qxb5 20.
Bxc6 Qxc6 21. Bxe7 Rfe8 22. Bb4 Re4 23. Qd1 b6 24. Ra2 a5 25. Ba3 b5 26.
Rd2 h5 27. Rd6 Qe8 28. Bb2 a4 29. Qd3 axb3 30. Qd5 Re5 31. Qxb3 Rxe3 32.
Rf1 Re1 33. Qd5 Re5 1/2-1/2